Datum a čas kvízu
31
Celkem bodů
Celkový počet nahraných bodů na tomto kvízu bez doplňovacích otázek.
5.
Pořadí na kvízu
Konečné umístění týmu na tomto kvízu.
Zaznamenané odpovědi
| # | Otázka | Odpověď | Body | Výsledky |
|---|---|---|---|---|
| 1. | V neděli proběhly v pražské zo... | D) luskoun | 1 | |
| 2. | Minulý týden jsme se dozvěděli... | Kousl ji kůň. | 1 | |
| 3. | Firma Mattel uvedla minulý týd... | C | 0 | |
| 4. | Ve kterém českém krajském měst... | v Plzni | 1 | |
| 5. | Po pouhých dvou kolech nové li... | František Straka | 1 | |
| 6. | Napište italský název tohoto t... | radiatori | 0 | |
| 7. | Zelené části brambor by se nem... | solanin | 1 | |
| 8. | Nyní se zaměříme naopak na lát... | pohanka | 1 | |
| 9. | Zobrazený tenký měkký chléb je... | lavaš | 0 | |
| 10. | Pod kterým jednoslovným názvem... | amarant | 1 |